<?xml version="1.0" encoding="UTF-8"?>
<record
    xmlns:xsi="http://www.w3.org/2001/XMLSchema-instance"
    xsi:schemaLocation="http://www.loc.gov/MARC21/slim http://www.loc.gov/standards/marcxml/schema/MARC21slim.xsd"
    xmlns="http://www.loc.gov/MARC21/slim">

  <leader>00696nam a2200205 a 4500</leader>
  <controlfield tag="001">3680</controlfield>
  <controlfield tag="003">CDMR</controlfield>
  <controlfield tag="005">20130314181907.0</controlfield>
  <controlfield tag="008">130130s1994||||||||||||||||||||||||||||d</controlfield>
  <datafield tag="020" ind1=" " ind2=" ">
    <subfield code="a">8460502813</subfield>
  </datafield>
  <datafield tag="040" ind1=" " ind2=" ">
    <subfield code="a">CDMR</subfield>
    <subfield code="b">cat</subfield>
    <subfield code="c">CPC GIRONA</subfield>
  </datafield>
  <datafield tag="100" ind1="1" ind2=" ">
    <subfield code="a">L&#xF3;pez, Manuel</subfield>
    <subfield code="9">357</subfield>
  </datafield>
  <datafield tag="245" ind1="1" ind2="3">
    <subfield code="a">Un periodisme alternatiu i autogestionari</subfield>
    <subfield code="b">: la premsa de barris a Barcelona, 1968-1977</subfield>
    <subfield code="c">Manuel L&#xF3;pez ; pr&#xF3;leg d'Andr&#xE9;s Nayas ; ep&#xED;leg d'Albert Musons</subfield>
  </datafield>
  <datafield tag="260" ind1=" " ind2=" ">
    <subfield code="b">Diputaci&#xF3; de Barcelona</subfield>
    <subfield code="a">Barcelona</subfield>
  </datafield>
  <datafield tag="260" ind1=" " ind2=" ">
    <subfield code="c">1994</subfield>
    <subfield code="b">Col&#xB7;legi de Periodistes de Catalunya</subfield>
  </datafield>
  <datafield tag="490" ind1="0" ind2=" ">
    <subfield code="a">Vaixells de Paper</subfield>
    <subfield code="v">15</subfield>
  </datafield>
  <datafield tag="700" ind1="1" ind2=" ">
    <subfield code="9">299</subfield>
    <subfield code="a">Musons i Agell, Albert</subfield>
  </datafield>
  <datafield tag="700" ind1="1" ind2=" ">
    <subfield code="9">3027</subfield>
    <subfield code="a">Nayas, Andr&#xE9;s</subfield>
  </datafield>
  <datafield tag="942" ind1=" " ind2=" ">
    <subfield code="c">MON</subfield>
    <subfield code="2">udc</subfield>
  </datafield>
  <datafield tag="999" ind1=" " ind2=" ">
    <subfield code="c">3680</subfield>
    <subfield code="d">3680</subfield>
  </datafield>
  <datafield tag="952" ind1=" " ind2=" ">
    <subfield code="0">0</subfield>
    <subfield code="1">0</subfield>
    <subfield code="4">0</subfield>
    <subfield code="7">0</subfield>
    <subfield code="a">GIRONA</subfield>
    <subfield code="b">GIRONA</subfield>
    <subfield code="d">2010-12-03</subfield>
    <subfield code="l">0</subfield>
    <subfield code="o">Bg 303 </subfield>
    <subfield code="p">GIRONA1311613030</subfield>
    <subfield code="r">2013-01-16</subfield>
    <subfield code="w">2013-01-16</subfield>
    <subfield code="y">MON</subfield>
  </datafield>
  <datafield tag="952" ind1=" " ind2=" ">
    <subfield code="0">0</subfield>
    <subfield code="1">0</subfield>
    <subfield code="4">0</subfield>
    <subfield code="7">0</subfield>
    <subfield code="a">CDMR</subfield>
    <subfield code="b">CDMR</subfield>
    <subfield code="d">2013-01-16</subfield>
    <subfield code="l">1</subfield>
    <subfield code="m">1</subfield>
    <subfield code="o">Bg VP/15</subfield>
    <subfield code="p">CDMR1312613622</subfield>
    <subfield code="r">2017-09-13</subfield>
    <subfield code="s">2017-07-05</subfield>
    <subfield code="w">2013-01-16</subfield>
    <subfield code="y">MON</subfield>
  </datafield>
  <datafield tag="952" ind1=" " ind2=" ">
    <subfield code="0">0</subfield>
    <subfield code="1">0</subfield>
    <subfield code="4">0</subfield>
    <subfield code="7">1</subfield>
    <subfield code="a">TARRAGONA</subfield>
    <subfield code="b">TARRAGONA</subfield>
    <subfield code="d">2013-07-24</subfield>
    <subfield code="l">0</subfield>
    <subfield code="o">PER</subfield>
    <subfield code="p">TARRAGONA13076852</subfield>
    <subfield code="r">2013-07-24</subfield>
    <subfield code="w">2013-07-24</subfield>
    <subfield code="y">MON</subfield>
  </datafield>
  <datafield tag="952" ind1=" " ind2=" ">
    <subfield code="0">0</subfield>
    <subfield code="1">0</subfield>
    <subfield code="4">0</subfield>
    <subfield code="7">0</subfield>
    <subfield code="a">LLEIDA</subfield>
    <subfield code="b">LLEIDA</subfield>
    <subfield code="d">2013-08-09</subfield>
    <subfield code="l">0</subfield>
    <subfield code="o">347COL</subfield>
    <subfield code="p">LLEIDA13086876</subfield>
    <subfield code="r">2013-08-09</subfield>
    <subfield code="w">2013-08-09</subfield>
    <subfield code="y">MON</subfield>
  </datafield>
  <datafield tag="952" ind1=" " ind2=" ">
    <subfield code="0">0</subfield>
    <subfield code="1">0</subfield>
    <subfield code="4">0</subfield>
    <subfield code="7">1</subfield>
    <subfield code="a">EBRE</subfield>
    <subfield code="b">EBRE</subfield>
    <subfield code="d">2015-05-21</subfield>
    <subfield code="e">Donaci&#xF3;</subfield>
    <subfield code="l">0</subfield>
    <subfield code="o">92377</subfield>
    <subfield code="r">2015-05-27</subfield>
    <subfield code="w">2015-05-27</subfield>
    <subfield code="y">MON</subfield>
    <subfield code="z">Donaci&#xF3; a la biblioteca Marcel&#xB7;l&#xED; Domingo</subfield>
  </datafield>
  <datafield tag="952" ind1=" " ind2=" ">
    <subfield code="0">0</subfield>
    <subfield code="1">0</subfield>
    <subfield code="4">0</subfield>
    <subfield code="7">1</subfield>
    <subfield code="a">EBRE</subfield>
    <subfield code="b">EBRE</subfield>
    <subfield code="d">2015-05-21</subfield>
    <subfield code="e">Donaci&#xF3;</subfield>
    <subfield code="l">0</subfield>
    <subfield code="o">MZ 070(467.1) LOP</subfield>
    <subfield code="r">2015-05-27</subfield>
    <subfield code="w">2015-05-27</subfield>
    <subfield code="y">MON</subfield>
    <subfield code="z">Donaci&#xF3; a la biblioteca Marcel&#xB7;l&#xED; Domingo</subfield>
  </datafield>
  <datafield tag="952" ind1=" " ind2=" ">
    <subfield code="0">0</subfield>
    <subfield code="1">0</subfield>
    <subfield code="4">0</subfield>
    <subfield code="7">1</subfield>
    <subfield code="a">EBRE</subfield>
    <subfield code="b">EBRE</subfield>
    <subfield code="d">2015-05-21</subfield>
    <subfield code="e">Donaci&#xF3;</subfield>
    <subfield code="l">0</subfield>
    <subfield code="o"> 07 LOP    </subfield>
    <subfield code="r">2015-05-27</subfield>
    <subfield code="w">2015-05-27</subfield>
    <subfield code="y">MON</subfield>
    <subfield code="z">Donaci&#xF3; a la biblioteca Marcel&#xB7;l&#xED; Domingo</subfield>
  </datafield>
</record>
